Little big man

Ο ηλικιωμένος Jack Crabb αφηγείται τη ζωή του σε έναν φίλο. Εξιστορεί πως τον έπιασαν και τον μεγάλωσαν οι Ινδιάνοι, το γάμο του με μια Ινδιάνα και τη δολοφονία της από τον George Armstrong Custer....

Full description

Saved in:
Bibliographic Details
Other Authors: Penn, Arthur, 1922-2010 (Director), Hoffman, Dustin, 1937- (Actor), Balsam, Martin, 1919-1996 (Actor), Corey, Jeff, 1914-2002 (Actor), Dunaway, Faye (Actor)
Format: Slide
Language:English
Greek
Published: [S. l.] : Paramount Pictures, c2004.
Series:Widescreen DVD collection
Subjects:
Tags: Add Tag
No Tags, Be the first to tag this record!

MARC

LEADER 00000cgm a2200000 i 4500
001 1/102514
008 090311s2004 xx ||| | || ||eng||
035 |l 10103692 
040 |a GR-MyUa  |b gre  |e AACR2 
041 1 |a eng  |j gre 
082 7 |a 791.437   |2 (22) 
245 0 0 |a Little big man   |h [μαγνητοσκόπηση] /   |c directed by Arthur Penn.  
260 |a [S. l.] :   |b Paramount Pictures,   |c c2004.  
300 |a 1 βιντεοδίσκος (134 λεπτ.) :   |b ομίλ., έγχρ. ;   |c 4 3/4 ίν. +   |e 1 φυλλάδιο 
490 1 |a (Widescreeν DVD collection) 
500 |a Κυκλοφόρησε πρώτη φορά ως κινηματογραφική ταινία το 1970.  
508 |a Σενάριο, Calder Willingham ; βασισμένο στο μυθιστόρημα του Thomas Berger ; παραγωγή, Stuart Millar. 
511 0 |a Dustin Hoffman, Martin Balsam, Jeff Corey, Chief Dan George, Faye Dunaway.  
520 8 |a Ο ηλικιωμένος Jack Crabb αφηγείται τη ζωή του σε έναν φίλο. Εξιστορεί πως τον έπιασαν και τον μεγάλωσαν οι Ινδιάνοι, το γάμο του με μια Ινδιάνα και τη δολοφονία της από τον George Armstrong Custer. 
546 |a Στα αγγλικά με ελληνικούς υπότιτλους.  
655 7 |a Feature films  |2 lcgft 
650 0 |a Cheyenne Indians  |v Drama. 
700 1 |a Penn, Arthur,   |d 1922-2010,  |e drt 
700 1 |a Hoffman, Dustin,   |d 1937-  |e act 
700 1 |a Balsam, Martin,   |d 1919-1996,  |e act 
700 1 |a Corey, Jeff,   |d 1914-2002,  |e act 
700 1 |a Dunaway, Faye,  |e act 
830 0 |a Widescreen DVD collection 
852 |a INST  |b SYROS  |c AV  |e 20090311  |h 791.437 PEN  |p 005500008604  |q 005500008604  |t DVD  |y 23 
901 |a BIBL5-2008-1 
922 |a 5ΕΛΗ  |b 200709  |c Βιβλιοθήκη Σύρου  |d Anaco 
970 |a Κοντού  |b Παρασκευή  |z 11/03/2009